000 00527nam a2200181 i 4500
001 24811
003 ES-MaACL
005 20250927123249.0
007 t|
008 021219s1962 sp ||||1| spa d
245 0 0 _aAntología de la poesía china /
_cMarcela de Juan.
260 _aMadrid :
_bRevista de Occidente,
_c[1962]
300 _a263 p., 8 lám. ;
_c24 cm.
650 4 _aPoesías chinas
_916208
700 1 _aJuan, Marcela de,
_d1905-1981
_967096
852 _aES-MaACL
_jC-21895
999 _c24811
_d24811